000 nam a22 7a 4500
999 _c7360
_d7360
008 170817b xxu||||| |||| 00| 0 eng d
100 _aJain Satish
_93898
245 _aComputer fundamentals and C++ programming
260 _aNew delhi
_bBPB Publication
_c1997